[Event "Lueneburg VMCG op B"]
[Site "Lueneburg"]
[Date "2016.07.08"]
[Round "7"]
[White "Bahr, Arne"]
[Black "Redenius, Jan"]
[Result "0-1"]
[WhiteElo "1695"]
[BlackElo "1607"]
[PlyCount "34"]
[EventDate "2016.07.01"]
[EventType "swiss"]
[EventRounds "7"]
[EventCountry "GER"]
[SourceTitle "EXT 2024"]
[Source "ChessBase"]
[SourceDate "2023.10.10"]
[SourceVersion "1"]
[SourceVersionDate "2023.10.10"]
[SourceQuality "1"]

1. f4 c5 2. b3 Nf6 3. e3 a6 4. Bb2 e6 5. Nf3 d6 6. a4 b6 7. Be2 Bb7 8. 0-0 Nc6 9. Na3 Be7 10. Qe1 Kd7 11. Ng5 Qg8 12. Bf3 h6 13. Nh3 Kc7 14. e4 e5 15. d3 g5 16. fxg5 hxg5 17. g4 Rxh3 0-1

[Event "Lueneburg VMCG op B"]
[Site "Lueneburg"]
[Date "2016.07.03"]
[Round "2"]
[White "Koch, Ralf Johannes"]
[Black "Redenius, Jan"]
[Result "1-0"]
[WhiteElo "1749"]
[BlackElo "1607"]
[PlyCount "89"]
[EventDate "2016.07.01"]
[EventType "swiss"]
[EventRounds "7"]
[EventCountry "GER"]
[SourceTitle "EXT 2024"]
[Source "ChessBase"]
[SourceDate "2023.10.10"]
[SourceVersion "1"]
[SourceVersionDate "2023.10.10"]
[SourceQuality "1"]

1. e4 c5 2. Nc3 e6 3. f4 Nc6 4. Nf3 a6 5. a4 Nge7 6. g3 Nd4 7. Bg2 Nec6 8. Na2 Qb6 9. b3 Be7 10. Ba3 c4 11. Bxe7 cxb3 12. cxb3 Kxe7 13. Nxd4 Qxd4 14. Rb1 d6 15. Qc2 Bd7 16. Qc3 Rac8 17. Ke2 e5 18. f5 Qb6 19. Qd3 Nd4+ 20. Kd1 Rhd8 21. Nc3 Kf8 22. Rf1 Bc6 23. Qe3 Qb4 24. f6 b5 25. Bh3 Rc7 26. Qg5 gxf6 27. Qxf6 Ke8 28. Qh8+ Ke7 29. Rxf7+ Kxf7 30. Qxh7+ Ke8 31. Qxc7 bxa4 32. Bg4 Bd7 33. Bxd7+ Rxd7 34. Qc8+ Rd8 35. Qc4 Rb8 36. Qxb4 Rxb4 37. bxa4 Rxb1+ 38. Nxb1 Ke7 39. Nc3 Kf6 40. h3 Kg5 41. Nd5 Nb3 42. Ke2 Nc5 43. Nc3 Kh5 44. Ke3 Kg5 45. d4 1-0

[Event "GER Seniors Derby 15th"]
[Site "Wesel Undeloh"]
[Date "2016.04.08"]
[Round "5"]
[White "Okrajek, Alexander"]
[Black "Redenius, Jan"]
[Result "1-0"]
[WhiteElo "2224"]
[BlackElo "1708"]
[PlyCount "45"]
[EventDate "2016.04.06"]
[EventType "swiss"]
[EventRounds "9"]
[EventCountry "GER"]
[SourceTitle "EXT 2019"]
[Source "ChessBase"]
[SourceDate "2018.10.10"]
[SourceVersion "1"]
[SourceVersionDate "2018.10.10"]
[SourceQuality "1"]

1. e4 c5 2. Nc3 e6 3. g3 Nc6 4. Bg2 a6 5. d3 Nge7 6. f4 Nd4 7. Nce2 Nec6 8. c3 Nxe2 9. Qxe2 Be7 10. Nf3 0-0 11. 0-0 Qc7 12. Be3 d6 13. Qf2 Bd7 14. g4 f5 15. gxf5 exf5 16. e5 dxe5 17. Nxe5 Nxe5 18. fxe5 f4 19. Bxf4 Bg5 20. Qe3 Rxf4 21. Rxf4 Bxf4 22. Qxf4 Rf8 23. Bd5+ 1-0

[Event "GER Seniors Derby 15th"]
[Site "Wesel Undeloh"]
[Date "2016.04.07"]
[Round "3"]
[White "Redenius, Jan"]
[Black "Scheuermann, Alexander"]
[Result "1-0"]
[WhiteElo "1708"]
[BlackElo "1220"]
[PlyCount "57"]
[EventDate "2016.04.06"]
[EventType "swiss"]
[EventRounds "9"]
[EventCountry "GER"]
[SourceTitle "EXT 2019"]
[Source "ChessBase"]
[SourceDate "2018.10.10"]
[SourceVersion "1"]
[SourceVersionDate "2018.10.10"]
[SourceQuality "1"]

1. e4 Nc6 2. Bc4 e5 3. Nf3 Bc5 4. c3 d6 5. d4 exd4 6. cxd4 Bb4+ 7. Nc3 Bg4 8. 0-0 Qd7 9. a3 Ba5 10. h3 Bh5 11. b4 Bb6 12. Bb5 Bxf3 13. gxf3 a6 14. Bxc6 bxc6 15. Kh2 0-0-0 16. Be3 Nf6 17. a4 a5 18. bxa5 Bxa5 19. Qd3 Kb7 20. Rfb1+ Ka7 21. d5+ Bb6 22. a5 Bxe3 23. Qxe3+ c5 24. Qd3 Qc8 25. a6 Nd7 26. Rb7+ Ka8 27. Qb5 Nb6 28. Qc6 Qd7 29. Ra7+ 1-0